=LDR 00000nam 2200000 4500 =001 INLIS000000000003811 =005 20130612092120 =008 ***********************************Ind** =035 ##$$a0010-061300000003811 =041 ##$$a Ind =082 ##$$a 574 =090 ##$$a 574, Van g =100 ##$$a Vancleave, Janice Pratt =245 ##$$a Gembira bermain dengan biologi, 101 percobaan yang pasti berhasil, Janice Pratt Vancleave; penerjemah, Dedi Pakar =260 ##$$a 1991 $b Jakarta =300 ##$$a xxv, 250 hlm., ilus., 21 cm =650 ##$$a Biologi =700 ##$$a Pakar, Dedi =850 ##$$a NBPNMAT =990 ##$$a 0001/BPAP-NTB/20142014 =990 ##$$a 0001/BPAP-NTB/20142014 =990 ##$$a 0001/BPAP-NTB/20142014